000
00341 a2200157 4500
001
160251
020
_a
040
_c
Magnum
100
_a
Jakubovic, Jose
240
1
0
_a
Vivendo a matematica/par ou impar
_l
por
245
1
0
_a
Vivendo a matematica/par ou impar
362
0
_a
1899
440
1
_a
Scipione
697
_a
GERAL
942
_c
BK
999
_c
160251
_d
160251